[Event "CAN-ch U20 2005"]
[Site "Brantford CAN"]
[Date "2005.04.30"]
[Round "1"]
[White "Panjwani, Raja"]
[Black "Rachar, Sean"]
[Result "1/2-1/2"]
[WhiteElo "2237"]
[BlackElo "1751"]
[PlyCount "129"]
[EventDate "2005.04.30"]
[EventType "swiss"]
[EventRounds "9"]
[EventCountry "CAN"]

1. d4 d5 2. Bg5 Nf6 3. Bxf6 exf6 4. e3 Bd6 5. g3 O-O 6. Bg2 c6 7. Ne2 Bf5 8.
Nd2 Re8 9. O-O Nd7 10. c4 dxc4 11. Nxc4 Bc7 12. Nc3 Qe7 13. e4 Bg6 14. f4 Qb4
15. Qb3 Qxb3 16. axb3 b5 17. Nd2 Bb6 18. Bh3 Bxd4+ 19. Kh1 b4 20. Nd1 Nc5 21.
f5 Nxe4 22. Nxe4 Rxe4 23. fxg6 fxg6 24. Rc1 Rae8 25. Bd7 Re1 26. Bxe8 Rxf1+ 27.
Kg2 Rg1+ 28. Kf3 c5 29. Rb1 f5 30. Nc3 bxc3 31. Rxg1 Bxg1 32. bxc3 c4 33. bxc4
g5 34. h3 g6 35. g4 Kg7 36. Ke2 Kf6 37. Kf1 Bc5 38. Ke2 a5 39. Kf3 Ke7 40. Bc6
h5 41. Ba4 Kf6 42. Be8 h4 43. Bd7 Ke5 44. Be8 fxg4+ 45. Kxg4 Ke4 46. Kxg5 Bf2
47. Kxg6 Kd3 48. Kg5 Kxc4 49. Kg4 Kxc3 50. Kf3 Bg3 51. Kg2 Kb3 52. Kf3 a4 53.
Bxa4+ Kxa4 54. Kg2 Kb4 55. Kh1 Kc4 56. Kg2 Kd4 57. Kh1 Ke3 58. Kg2 Ke2 59. Kh1
Kf3 60. Kg1 Bf4 61. Kh1 Kg3 62. Kg1 Kxh3 63. Kh1 Kg3 64. Kg1 Bg5 65. Kh1
1/2-1/2

[Event "CAN-ch U20 2005"]
[Site "Brantford CAN"]
[Date "2005.04.30"]
[Round "2"]
[White "Boik, Andrew"]
[Black "Panjwani, Raja"]
[Result "1-0"]
[WhiteElo "2058"]
[BlackElo "2237"]
[PlyCount "71"]
[EventDate "2005.04.30"]
[EventType "swiss"]
[EventRounds "9"]
[EventCountry "CAN"]

1. e4 c5 2. Nf3 d6 3. d4 cxd4 4. Nxd4 Nf6 5. Nc3 a6 6. Bg5 e6 7. f4 Be7 8. Qf3
Qc7 9. O-O-O Nbd7 10. g4 b5 11. Bxf6 Nxf6 12. g5 Nd7 13. f5 Bxg5+ 14. Kb1 Ne5
15. Qg3 Qd8 16. Bh3 b4 17. Nce2 O-O 18. Rhg1 Bf6 19. fxe6 g6 20. Nf4 Kh8 21.
Rdf1 Bg7 22. exf7 Rxf7 23. Bxc8 Rxc8 24. Nde6 Qf6 25. Ng5 Rff8 26. Qh3 h6 27.
Nfe6 Nf3 28. Nxg7 Nd2+ 29. Kc1 Qxg7 30. Kxd2 Qd4+ 31. Kc1 Rxc2+ 32. Kxc2 Rf2+
33. Rxf2 b3+ 34. Kb1 Qxf2 35. Qxh6+ Kg8 36. Qxg6+ 1-0

[Event "CAN-ch U20 2005"]
[Site "Brantford CAN"]
[Date "2005.05.01"]
[Round "3"]
[White "Panjwani, Raja"]
[Black "Xia, Angel"]
[Result "0-1"]
[WhiteElo "2237"]
[BlackElo "1896"]
[PlyCount "92"]
[EventDate "2005.04.30"]
[EventType "swiss"]
[EventRounds "9"]
[EventCountry "CAN"]

1. e4 c5 2. Nf3 Nc6 3. d4 cxd4 4. Nxd4 Nf6 5. Nc3 d6 6. Bc4 e6 7. Bb3 Be7 8.
Be3 Bd7 9. f4 a6 10. Qf3 O-O 11. f5 Nxd4 12. Bxd4 exf5 13. O-O fxe4 14. Nxe4
Ng4 15. Bd5 Ne5 16. Qb3 Bc6 17. Rad1 Bxd5 18. Qxd5 Qc7 19. c3 Qc6 20. Bxe5 dxe5
21. Qxc6 bxc6 22. Rd7 Bd8 23. Rb7 f5 24. Nd6 g6 25. g4 Rf6 26. Rd1 fxg4 27. Nc4
Rf5 28. Rdd7 Bf6 29. Nd6 Rf4 30. Nf7 Bg7 31. Nd8 Bf6 32. Nxc6 Rf8 33. Kg2 e4
34. Ne7+ Bxe7 35. Rxe7 Rf2+ 36. Kg3 R8f3+ 37. Kh4 Rxh2+ 38. Kg5 g3 39. Rb8+ Rf8
40. Rxf8+ Kxf8 41. Rxe4 g2 42. Rg4 h5 43. Rg3 h4 44. Rg4 h3 45. Kf6 Rh1 46. Rd4
Ke8 0-1

[Event "Foxwoods op"]
[Site "Connecticut USA"]
[Date "2005.03.24"]
[Round "2"]
[White "Panjwani, Raja"]
[Black "Friedel, Joshua"]
[Result "0-1"]
[WhiteElo "2176"]
[BlackElo "2423"]
[PlyCount "80"]
[EventDate "2005.03.23"]
[EventType "swiss"]
[EventRounds "9"]
[EventCountry "USA"]
[Source "Mark Crowther"]
[SourceDate "2005.04.04"]

1. e4 e5 2. Nf3 Nc6 3. Nc3 Nf6 4. g3 Nxe4 5. Nxe4 d5 6. Nc3 d4 7. Bg2 dxc3 8.
bxc3 Bc5 9. O-O O-O 10. Re1 f6 11. Rb1 Bb6 12. d3 Be6 13. c4 Qc8 14. Be3 Bg4
15. Qc1 Qf5 16. Nd2 Nd4 17. Bxd4 Bxd4 18. Ne4 Bf3 19. Bxf3 Qxf3 20. Qd1 Qxd1
21. Rexd1 f5 22. Ng5 Rae8 23. Rxb7 Bb6 24. c5 Bxc5 25. Rxc7 Bb6 26. Rc4 h6 27.
Nf3 e4 28. Nd2 exd3 29. cxd3 Re2 30. Kh1 Rxf2 31. Rf4 Rxf4 32. gxf4 Be3 33. Nc4
Bxf4 34. d4 Rc8 35. Na3 Rc3 36. Nb5 Rc2 37. d5 Rxh2+ 38. Kg1 Rb2 39. Nc3 Be5
40. Na4 Rb4 0-1

[Event "Foxwoods op"]
[Site "Connecticut USA"]
[Date "2005.03.24"]
[Round "3"]
[White "Ippolito, Dean"]
[Black "Panjwani, Raja"]
[Result "1-0"]
[WhiteElo "2390"]
[BlackElo "2176"]
[PlyCount "111"]
[EventDate "2005.03.23"]
[EventType "swiss"]
[EventRounds "9"]
[EventCountry "USA"]
[Source "Mark Crowther"]
[SourceDate "2005.04.04"]

1. d4 Nf6 2. c4 g6 3. Nf3 Bg7 4. g3 O-O 5. Bg2 c6 6. Nc3 d6 7. O-O Qb6 8. Qb3
Qxb3 9. axb3 Na6 10. e4 Nd7 11. Rd1 e5 12. Be3 Re8 13. d5 Bf8 14. Rxa6 bxa6 15.
dxc6 Nf6 16. Bg5 Kg7 17. Bxf6+ Kxf6 18. Nd5+ Kg7 19. Nc7 Be6 20. Ng5 Rec8 21.
Nxa8 Rxc6 22. Nxe6+ fxe6 23. f4 Kf6 24. fxe5+ Kxe5 25. Rf1 Be7 26. Rf7 Bd8 27.
Rxa7 h5 28. Kf2 Rb6 29. Rd7 Rb8 30. Nc7 Bxc7 31. Rxc7 Rxb3 32. Bf3 Rxb2+ 33.
Be2 Rc2 34. Ke3 h4 35. gxh4 Rc3+ 36. Bd3 Rc1 37. h5 gxh5 38. Rh7 Rh1 39. Rxh5+
Kf6 40. h4 a5 41. Rxa5 Rxh4 42. Kd4 Rh3 43. Ra6 Ke7 44. Ra7+ Kf6 45. Rd7 e5+
46. Kc3 Ke6 47. Ra7 Rh8 48. Bc2 Rc8 49. Ba4 Rc5 50. Be8 Kf6 51. Bd7 Ke7 52.
Bc6+ Kd8 53. Bd5 Ke8 54. Kd3 Kd8 55. Ke3 Ke8 56. Kf3 1-0

[Event "Foxwoods op"]
[Site "Connecticut USA"]
[Date "2005.03.25"]
[Round "4"]
[White "Panjwani, Raja"]
[Black "Arias, Nilton"]
[Result "1-0"]
[WhiteElo "2176"]
[BlackElo "2247"]
[PlyCount "77"]
[EventDate "2005.03.23"]
[EventType "swiss"]
[EventRounds "9"]
[EventCountry "USA"]
[Source "Mark Crowther"]
[SourceDate "2005.04.04"]

1. e4 e6 2. d4 d5 3. Nc3 Bb4 4. exd5 exd5 5. Bd3 Nc6 6. a3 Ba5 7. Nge2 Bg4 8.
f3 Bh5 9. O-O Nge7 10. Ng3 Bg6 11. f4 Bxd3 12. Qxd3 Nxd4 13. f5 Qd7 14. f6 gxf6
15. Rxf6 O-O-O 16. Qxd4 Bb6 17. Rxb6 axb6 18. Bf4 h5 19. Bg5 Rhg8 20. Qf4 d4
21. Nce4 Nd5 22. Qd2 f5 23. Nf6 Qg7 24. Nxg8 Rxg8 25. h4 Qe5 26. Qf2 f4 27.
Nxh5 Rf8 28. Re1 Qh8 29. Nxf4 Ne3 30. c3 c5 31. Qf3 Qh7 32. cxd4 cxd4 33. Qh3+
Nf5 34. Ne6 Rf7 35. Nxd4 Kb8 36. Re8+ Kc7 37. Qc3+ Kd6 38. Nb5+ Kd5 39. Re5#
1-0

[Event "Foxwoods op"]
[Site "Connecticut USA"]
[Date "2005.03.25"]
[Round "5"]
[White "Panjwani, Raja"]
[Black "Burnett, Ronald"]
[Result "0-1"]
[WhiteElo "2176"]
[BlackElo "2444"]
[PlyCount "125"]
[EventDate "2005.03.23"]
[EventType "swiss"]
[EventRounds "9"]
[EventCountry "USA"]
[Source "Mark Crowther"]
[SourceDate "2005.04.04"]

1. e4 g6 2. d4 d6 3. Nc3 Bg7 4. g3 Nf6 5. Bg2 O-O 6. Nge2 c6 7. O-O e5 8. h3 b5
9. a3 a6 10. Be3 exd4 11. Nxd4 Bb7 12. Nde2 Qc7 13. Bf4 Rd8 14. Qd2 c5 15. Rad1
b4 16. axb4 cxb4 17. Nd5 Nxd5 18. exd5 a5 19. Nd4 Nd7 20. Nb5 Qb6 21. Nxd6 Ba6
22. Rfe1 Nf6 23. Nxf7 Kxf7 24. d6 Kg8 25. Re7 Rab8 26. Bh6 Bf8 27. Bxf8 Rxf8
28. Rde1 Bc4 29. Qf4 Bd5 30. Qh6 Bf7 31. R1e6 Qd4 32. Qe3 Qxe3 33. Rxe3 Rfd8
34. Rd3 Rb6 35. Ra7 Rbxd6 36. Re3 Rd2 37. Ree7 R8d7 38. Rexd7 Nxd7 39. b3 Nf6
40. Rxa5 Rxc2 41. Rb5 Bxb3 42. Rxb4 Bd5 43. Bxd5+ Nxd5 44. Rb7 Nc7 45. Rb8+ Kg7
46. Rc8 Rc3 47. Kg2 Nd5 48. Rd8 Nf6 49. Rd4 Kf7 50. g4 Ke6 51. f3 Ke5 52. Ra4
g5 53. Kg3 Nd5 54. Ra7 Rc7 55. Ra5 Rc2 56. Rb5 h6 57. Ra5 Rd2 58. Rb5 Kd4 59.
h4 Ke5 60. Rb8 Nf4 61. Rb5+ Rd5 62. Rb8 Kd4 63. Rf8 0-1

[Event "Foxwoods op"]
[Site "Connecticut USA"]
[Date "2005.03.27"]
[Round "8"]
[White "Zlotnikov, Mikhail"]
[Black "Panjwani, Raja"]
[Result "1/2-1/2"]
[WhiteElo "2346"]
[BlackElo "2176"]
[PlyCount "46"]
[EventDate "2005.03.23"]
[EventType "swiss"]
[EventRounds "9"]
[EventCountry "USA"]
[Source "Mark Crowther"]
[SourceDate "2005.04.04"]

1. c4 b6 2. Nc3 Bb7 3. e4 e6 4. Nf3 c5 5. g3 Nf6 6. d3 d6 7. Bg2 Be7 8. O-O O-O
9. Re1 Nbd7 10. d4 cxd4 11. Nxd4 a6 12. b3 Qc7 13. Bb2 Rac8 14. Rc1 Qb8 15. h3
Qa8 16. Qe2 Rfd8 17. Na4 Bf8 18. Kh2 e5 19. Nc2 b5 20. cxb5 axb5 21. Nc3 d5 22.
Nxd5 Nxd5 23. exd5 Qxa2 1/2-1/2

[Event "Ontario Closed"]
[Site "Ottawa CAN"]
[Date "2005.03.04"]
[Round "1"]
[White "Panjwani, Raja"]
[Black "Noritsyn, Nikolay"]
[Result "1/2-1/2"]
[WhiteElo "2242"]
[BlackElo "2357"]
[PlyCount "57"]
[EventDate "2005.03.04"]
[EventType "swiss"]
[EventRounds "5"]
[EventCountry "CAN"]

1. e4 c5 2. Nf3 Nc6 3. Bb5 d6 4. Bxc6+ bxc6 5. h3 e5 6. d3 Be7 7. Nbd2 f5 8.
exf5 Bxf5 9. Ne4 Nf6 10. Nh4 Bxe4 11. dxe4 O-O 12. Nf5 d5 13. Bg5 Qa5+ 14. c3
Bd8 15. Bxf6 Rxf6 16. Ne3 Bb6 17. Nxd5 Rxf2 18. Ne7+ Kh8 19. Kxf2 c4+ 20. Kg3
Qc5 21. Nf5 g6 22. Nd4 Rd8 23. Qf1 exd4 24. Qf6+ Kg8 25. Qe6+ Kg7 26. e5 dxc3
27. Qf6+ Kg8 28. Qe6+ Kg7 29. Qf6+ 1/2-1/2

[Event "Ontario Closed"]
[Site "Ottawa CAN"]
[Date "2005.03.05"]
[Round "3"]
[White "Davies, Alex"]
[Black "Panjwani, Raja"]
[Result "1-0"]
[WhiteElo "2261"]
[BlackElo "2242"]
[PlyCount "161"]
[EventDate "2005.03.04"]
[EventType "swiss"]
[EventRounds "5"]
[EventCountry "CAN"]

1. e4 b6 2. d4 Bb7 3. Bd3 Nf6 4. Qe2 Nc6 5. c3 e5 6. d5 Ne7 7. g4 g6 8. h4 h5
9. g5 Nh7 10. c4 Bg7 11. Nc3 d6 12. Be3 Nf8 13. Nh3 Nd7 14. Bc2 O-O 15. O-O Bc8
16. Kh2 Nc5 17. Rg1 a5 18. b3 c6 19. Qd2 cxd5 20. cxd5 Bxh3 21. Kxh3 Rc8 22.
Kh2 f5 23. gxf6 Rxf6 24. Rac1 Rf4 25. Bxf4 exf4 26. f3 Be5 27. Nd1 Kh7 28. Nf2
Ng8 29. Rg5 Qf6 30. Nh3 Nh6 31. Rcg1 Rg8 32. Qg2 Rg7 33. Kh1 Nf7 34. a3 a4 35.
bxa4 Nxg5 36. Qxg5 Qxg5 37. Nxg5+ Kh6 38. Rb1 Rb7 39. a5 bxa5 40. Rxb7 Nxb7 41.
Nf7+ Kg7 42. Nxe5 dxe5 43. Ba4 Nd6 44. Bd7 Kf6 45. Kg2 Ke7 46. Bc6 Nf7 47. Bb5
g5 48. Kh3 Nd6 49. Be2 Kf6 50. Bd3 Kg6 51. Be2 g4+ 52. fxg4 hxg4+ 53. Kxg4 Kh6
54. Bd3 a4 55. Bc2 Nc4 56. Bxa4 Kg6 57. Be8+ Kf6 58. a4 Ne3+ 59. Kf3 Nc4 60.
Ke2 Nd6 61. a5 Nxe4 62. a6 Nc3+ 63. Kf3 Nxd5 64. a7 Nb6 65. Ke4 Na8 66. Bc6 Nb6
67. Bd5 f3 68. Kxf3 Kf5 69. Be4+ Kf6 70. Kg4 Kg7 71. Kg5 Kf7 72. h5 Kg7 73. h6+
Kf7 74. h7 Kg7 75. Kg4 Kh8 76. Kf3 Kg7 77. Ke2 Kh8 78. Kd3 Kg7 79. Kc3 Kh8 80.
Kb4 Kg7 81. Kb5 1-0

[Event "Ontario Closed"]
[Site "Ottawa CAN"]
[Date "2005.03.06"]
[Round "4"]
[White "Pacey, Kevin"]
[Black "Panjwani, Raja"]
[Result "1/2-1/2"]
[WhiteElo "2210"]
[BlackElo "2242"]
[PlyCount "49"]
[EventDate "2005.03.04"]
[EventType "swiss"]
[EventRounds "5"]
[EventCountry "CAN"]

1. e4 c5 2. Nf3 d6 3. d4 cxd4 4. Nxd4 Nf6 5. Nc3 e6 6. Be2 Be7 7. O-O a6 8. a4
Nc6 9. Be3 Qc7 10. f4 O-O 11. Nb3 Na5 12. Nxa5 Qxa5 13. Bd3 Rd8 14. Qf3 Bd7 15.
g4 Bc6 16. g5 Nd7 17. Qh3 g6 18. Rf2 d5 19. exd5 exd5 20. f5 Bc5 21. fxg6 hxg6
22. Bxg6 fxg6 23. Qe6+ Kh8 24. Qxg6 Bxe3 25. Qh6+ 1/2-1/2

[Event "Ontario Closed"]
[Site "Ottawa CAN"]
[Date "2005.03.06"]
[Round "5"]
[White "Panjwani, Raja"]
[Black "Vaingorten, Yaaqov"]
[Result "1/2-1/2"]
[WhiteElo "2242"]
[BlackElo "2380"]
[PlyCount "63"]
[EventDate "2005.03.04"]
[EventType "swiss"]
[EventRounds "5"]
[EventCountry "CAN"]

1. e4 e5 2. Nf3 Nf6 3. Nc3 d6 4. g3 g6 5. Bg2 Bg7 6. O-O O-O 7. h3 Nc6 8. d3
Ne8 9. Nh4 Be6 10. Kh2 Nd4 11. Bd2 c6 12. Ne2 Nxe2 13. Qxe2 d5 14. Bb4 Nd6 15.
Rad1 Re8 16. Bxd6 Qxd6 17. Nf3 b5 18. Ng5 d4 19. f4 exf4 20. gxf4 Bd7 21. e5
Qc7 22. Qf2 f6 23. exf6 Bxf6 24. Ne4 Bg7 25. Kh1 Rad8 26. Qh4 Rf8 27. Rd2 Rf5
28. Ng3 Rf7 29. Be4 Rdf8 30. Rdf2 Bf6 31. Qh6 Bg7 32. Qh4 1/2-1/2

[Event "Guelph Winter Pro Am"]
[Site "Guelph CAN"]
[Date "2005.02.03"]
[Round "2"]
[White "Krnan, Tomas"]
[Black "Panjwani, Raja"]
[Result "1-0"]
[WhiteElo "2404"]
[BlackElo "2213"]
[PlyCount "145"]
[EventDate "2005.02.02"]
[EventType "swiss"]
[EventRounds "5"]
[EventCountry "CAN"]

1. e4 c5 2. Nf3 e6 3. d4 cxd4 4. Nxd4 Qb6 5. Nb3 Nf6 6. Bd3 d5 7. exd5 Nxd5 8.
O-O Qc7 9. c4 Nf6 10. Nc3 a6 11. Bg5 Nbd7 12. Re1 Be7 13. Rc1 Qb8 14. Bh4 h6
15. Qe2 O-O 16. c5 Re8 17. Ne4 Nxe4 18. Qxe4 Bxh4 19. Qxh4 Qc7 20. Be4 Nf6 21.
Bf3 Bd7 22. Qb4 Bc6 23. Bxc6 bxc6 24. Qb6 Rec8 25. Qxc7 Rxc7 26. Rc4 Kf8 27.
Ra4 Nd5 28. Ree4 Rb7 29. Ra3 Ke8 30. g3 Kd7 31. Kg2 Rab8 32. Rxa6 Nb4 33. Ra4
Nxa2 34. Na5 Rb4 35. Rexb4 Nxb4 36. Nc4 Kc7 37. Nd6 Nd3 38. Ra7+ Kd8 39. Nxf7+
Kc8 40. Nd6+ Kd8 41. Rxg7 Rxb2 42. Ne4 Rb4 43. Kf3 e5 44. Ke3 Ne1 45. Nd6 Nc2+
46. Kd3 Nd4 47. Nf7+ Ke7 48. Nxh6+ Ke6 49. Rc7 e4+ 50. Ke3 Nc2+ 51. Kd2 Nd4 52.
Ng8 Kd5 53. Nf6+ Ke5 54. Nd7+ Kd5 55. Nf6+ Ke5 56. Kc3 Ra4 57. Nd7+ Kf5 58. Nb6
Nb5+ 59. Kb3 Ra3+ 60. Kb4 Nxc7 61. Kxa3 Kg4 62. h4 Ne6 63. Nd7 Kf3 64. h5 Kxf2
65. h6 Ng5 66. Ne5 e3 67. Nxc6 e2 68. Nb4 Ke3 69. Nc2+ Kd2 70. Kb2 Ne4 71. h7
Nxc5 72. h8=Q Nd3+ 73. Kb1 1-0

[Event "Guelph Winter Pro Am"]
[Site "Guelph CAN"]
[Date "2005.02.04"]
[Round "4"]
[White "Ochkoos, Jura"]
[Black "Panjwani, Raja"]
[Result "1-0"]
[WhiteElo "2288"]
[BlackElo "2213"]
[PlyCount "67"]
[EventDate "2005.02.02"]
[EventType "swiss"]
[EventRounds "5"]
[EventCountry "CAN"]

1. e4 c5 2. Nf3 d6 3. d4 cxd4 4. Nxd4 Nf6 5. Nc3 a6 6. Bg5 e6 7. f4 Qb6 8. Nb3
Nbd7 9. Qf3 Be7 10. O-O-O Qc7 11. Bh4 h6 12. Bf2 b5 13. Bd3 b4 14. Ne2 Bb7 15.
Kb1 a5 16. Nd2 a4 17. Rc1 Nc5 18. Rhe1 Nfd7 19. h4 O-O 20. g4 b3 21. a3 f5 22.
g5 fxe4 23. Nxe4 Ne5 24. Qg2 Nxe4 25. Bxe4 Nc4 26. Red1 Rab8 27. cxb3 axb3 28.
Nd4 Rfc8 29. Nxb3 Bxe4+ 30. Qxe4 Rxb3 31. Qxe6+ Kh8 32. Bd4 Nxa3+ 33. Ka2 Nc2
34. Qxh6+ 1-0

[Event "Wch-U14"]
[Site "Heraklio GRE"]
[Date "2004.11.05"]
[Round "2.7"]
[White "Panjwani, Raja"]
[Black "Margvelashvili, Giorgi"]
[Result "1-0"]
[WhiteElo "2179"]
[BlackElo "2349"]
[PlyCount "49"]
[EventDate "2004.11.04"]
[EventType "swiss"]
[EventRounds "11"]
[EventCountry "GRE"]

1. e4 c6 2. d4 d5 3. e5 Bf5 4. Nf3 e6 5. Be2 c5 6. Be3 cxd4 7. Nxd4 Ne7 8. c4
dxc4 9. Qa4+ Nbc6 10. Na3 a6 11. Nxc4 b5 12. Nxb5 axb5 13. Qxb5 Rb8 14. Bb6 Qd5
15. Qa4 Nc8 16. O-O Be7 17. Rfd1 Nxb6 18. Nxb6 Qe4 19. Rd4 Qxd4 20. Qxc6+ Kf8
21. Nd7+ Kg8 22. Nxb8 Qxb2 23. Qe8+ Bf8 24. Rd1 g6 25. Rd7 1-0

[Event "Wch-U14"]
[Site "Heraklio GRE"]
[Date "2004.11.06"]
[Round "3.7"]
[White "Ludwig, Daniel"]
[Black "Panjwani, Raja"]
[Result "1-0"]
[WhiteElo "2308"]
[BlackElo "2179"]
[PlyCount "95"]
[EventDate "2004.11.04"]
[EventType "swiss"]
[EventRounds "11"]
[EventCountry "GRE"]

1. e4 c5 2. Nf3 e6 3. d4 cxd4 4. Nxd4 Qb6 5. Nb3 Nf6 6. e5 Ne4 7. Be3 Qc7 8.
Qd4 f5 9. f3 Nc6 10. Qc4 d5 11. Qe2 Nc5 12. Nxc5 d4 13. Nd3 dxe3 14. Qxe3 Nb4
15. Nxb4 Bxb4+ 16. c3 Bc5 17. Bb5+ Kf7 18. Qe2 a6 19. Bd3 Rd8 20. Nd2 b5 21.
O-O-O Bb7 22. Kb1 Rd5 23. f4 Rad8 24. Nf3 h6 25. Bc2 Qb6 26. Rxd5 Bxd5 27. Rd1
Bc4 28. Bd3 Bd5 29. g4 Qc6 30. Nd2 Be4 31. Nxe4 fxe4 32. Bc2 Rxd1+ 33. Bxd1 e3
34. Qf3 Qd7 35. Be2 Qd2 36. f5 Qe1+ 37. Kc2 Qd2+ 38. Kb3 a5 39. fxe6+ Kg8 40.
a3 a4+ 41. Ka2 Qc2 42. Qd5 Be7 43. Bd3 Qf2 44. Qxb5 Qf8 45. Qxa4 Qc8 46. Qe4
Kf8 47. Qg6 Qe8 48. Qf5+ 1-0

[Event "Wch-U14"]
[Site "Heraklio GRE"]
[Date "2004.11.07"]
[Round "5.11"]
[White "Panjwani, Raja"]
[Black "Pena, Alfredo"]
[Result "0-1"]
[WhiteElo "2179"]
[BlackElo "2242"]
[PlyCount "120"]
[EventDate "2004.11.04"]
[EventType "swiss"]
[EventRounds "11"]
[EventCountry "GRE"]

1. e4 e5 2. Nf3 Nc6 3. Bb5 a6 4. Ba4 Nf6 5. O-O Be7 6. Re1 b5 7. Bb3 d6 8. c3
O-O 9. h3 Nb8 10. d4 Nbd7 11. c4 c5 12. dxe5 Nxe5 13. Nxe5 dxe5 14. Bg5 b4 15.
Nd2 Nd7 16. Be3 Bb7 17. Qc2 Qc7 18. a3 a5 19. Ba4 Nb6 20. Bb5 Rfd8 21. axb4
axb4 22. Nb3 Rxa1 23. Rxa1 Ra8 24. Rxa8+ Bxa8 25. f3 Bc6 26. Na5 Bd7 27. Qd2
Be6 28. Kf2 f6 29. f4 Kf8 30. f5 Bf7 31. g4 Be8 32. Kg3 Qa7 33. Nb3 Qc7 34.
Nxc5 Bxc5 35. Bxc5+ Qxc5 36. Qd8 Qe3+ 37. Kh2 Qf4+ 38. Kg1 Qg3+ 39. Kf1 Qxh3+
40. Kf2 Qh2+ 41. Ke3 Qf4+ 42. Kd3 Qf3+ 43. Kd2 Qf2+ 44. Kc1 Qe3+ 45. Kb1 Nd7
46. Ka2 Qb6 47. Qa8 Ke7 48. Qc8 Qb8 49. Qc6 Qa7+ 50. Kb1 Qg1+ 51. Ka2 b3+ 52.
Ka3 Qc5+ 53. Kxb3 Qxc6 54. Bxc6 Nc5+ 55. Kb4 Bxc6 56. Kxc5 Bxe4 57. Kb6 Kd7 58.
b4 Bf3 59. Kc5 Bxg4 60. b5 Bxf5 0-1

[Event "Wch-U14"]
[Site "Heraklio GRE"]
[Date "2004.11.10"]
[Round "7.10"]
[White "Panjwani, Raja"]
[Black "Bindrich, Falko"]
[Result "0-1"]
[WhiteElo "2179"]
[BlackElo "2351"]
[PlyCount "64"]
[EventDate "2004.11.04"]
[EventType "swiss"]
[EventRounds "11"]
[EventCountry "GRE"]

1. e4 c5 2. Nc3 d6 3. f4 a6 4. Nf3 e6 5. d3 Nc6 6. g3 Nf6 7. Bg2 Qc7 8. O-O Be7
9. h3 Bd7 10. Be3 h6 11. a3 O-O 12. g4 d5 13. Bd2 dxe4 14. dxe4 Rad8 15. e5 Ne8
16. Be3 f6 17. exf6 Nxf6 18. g5 hxg5 19. fxg5 Nh5 20. Nd2 Rxf1+ 21. Nxf1 Be8
22. Qe1 Nd4 23. Rc1 Nf4 24. Bxd4 cxd4 25. Ne2 Nxg2 26. Kxg2 Bxg5 27. Rd1 Qxc2
28. Nd2 Bc6+ 29. Kh2 Be3 30. Nf1 Rf8 31. Nxe3 dxe3 32. Kg1 Bf3 0-1

[Event "Toronto-Tch 2004-05"]
[Site "Toronto CAN"]
[Date "2005.05.04"]
[Round "3"]
[White "Stevens, Christian"]
[Black "Panjwani, Raja"]
[Result "1-0"]
[WhiteElo "2344"]
[BlackElo "2240"]
[PlyCount "55"]
[EventDate "2004.10.27"]
[EventType "team"]
[EventRounds "4"]
[EventCountry "CAN"]

1. e4 c5 2. Nf3 Nc6 3. Bb5 d6 4. Bxc6+ bxc6 5. O-O e5 6. c3 Bg4 7. d4 cxd4 8.
cxd4 Qc7 9. Nc3 Ne7 10. Be3 Ng6 11. h3 Bxf3 12. Qxf3 Be7 13. dxe5 Nxe5 14. Qe2
Qb7 15. Bd4 Bf6 16. Rad1 Qb4 17. a3 Qc4 18. Qxc4 Nxc4 19. Bxf6 gxf6 20. Rd4
Nxb2 21. Rxd6 Rc8 22. Rb1 Nc4 23. Rxf6 Nxa3 24. Ra1 Nb5 25. Nxb5 cxb5 26. Rxa7
O-O 27. Rb7 Rb8 28. Rfxf7 1-0

[Event "CAN-ch"]
[Site "Toronto CAN"]
[Date "2004.08.20"]
[Round "1.8"]
[White "Panjwani, Raja"]
[Black "Yoos, John"]
[Result "1-0"]
[WhiteElo "2221"]
[BlackElo "2417"]
[PlyCount "77"]
[EventDate "2004.08.20"]
[EventType "swiss"]
[EventRounds "11"]
[EventCountry "CAN"]

1. e4 c5 2. Nf3 d6 3. d4 cxd4 4. Nxd4 Nf6 5. f3 Nc6 6. c4 Nxd4 7. Qxd4 g6 8.
Nc3 Bg7 9. Be3 O-O 10. Qd2 Be6 11. Be2 Qa5 12. O-O Rfc8 13. b3 a6 14. Rac1 b5
15. cxb5 axb5 16. Nxb5 Rxc1 17. Qxc1 Qxa2 18. Bc4 Bxc4 19. Qxc4 Qa6 20. Rc1 h5
21. b4 Rb8 22. Nc7 Qxc4 23. Rxc4 e6 24. b5 Nd7 25. Rc6 d5 26. exd5 Ne5 27. f4
Ng4 28. dxe6 fxe6 29. Ba7 Rb7 30. Bc5 e5 31. h3 Nh6 32. b6 exf4 33. Ne6 Be5 34.
Rc8+ Kh7 35. Nd8 Rd7 36. Nc6 Rd1+ 37. Kf2 Rd2+ 38. Kf1 Bc3 39. Rc7+ 1-0

[Event "CAN-ch"]
[Site "Toronto CAN"]
[Date "2004.08.23"]
[Round "4.16"]
[White "Divljan, Igor"]
[Black "Panjwani, Raja"]
[Result "1-0"]
[WhiteElo "2344"]
[BlackElo "2221"]
[PlyCount "141"]
[EventDate "2004.08.20"]
[EventType "swiss"]
[EventRounds "11"]
[EventCountry "CAN"]

1. d4 Nf6 2. c4 e6 3. Nf3 d5 4. Nc3 Bb4 5. Qa4+ Nc6 6. g3 Bd7 7. Qc2 dxc4 8.
Bg2 Nd5 9. O-O h6 10. e4 Nb6 11. Rd1 Bd6 12. Be3 O-O 13. Qe2 Na5 14. Nd2 Bb4
15. Qh5 f5 16. a3 Bxc3 17. bxc3 Na4 18. Rdc1 Nb3 19. Nxb3 cxb3 20. Rab1 b2 21.
Rc2 Qe7 22. exf5 Rxf5 23. Qg4 h5 24. Qe4 Bc6 25. d5 Rxd5 26. Qc4 Qxa3 27. Bxd5
Bxd5 28. Qxc7 Qa2 29. Rf1 Rf8 30. Bd4 Rf7 31. Qc8+ Kh7 32. c4 b1=Q 33. Rxa2
Qxa2 34. cxd5 e5 35. Qe6 Rf6 36. Qxe5 Nb6 37. Qxh5+ Rh6 38. Qf5+ Rg6 39. Bxb6
axb6 40. Re1 Qd2 41. Re6 Qg5 42. Qxg5 Rxg5 43. Rxb6 Rxd5 44. Rxb7 Rd3 45. Kg2
Ra3 46. Rb6 Rc3 47. Rd6 Ra3 48. Re6 Rb3 49. Re2 Ra3 50. h4 Rb3 51. Kh3 Rb4 52.
f4 Rb3 53. Kg4 Rc3 54. h5 Ra3 55. Kh4 Rf3 56. Re4 Ra3 57. g4 Ra5 58. Re5 Ra4
59. Kg5 Rb4 60. Re6 Kg8 61. h6 gxh6+ 62. Rxh6 Rb7 63. Ra6 Kh8 64. f5 Rg7+ 65.
Rg6 Rf7 66. f6 Ra7 67. Rh6+ Kg8 68. Kg6 Rg7+ 69. Kf5 Ra7 70. g5 Rb7 71. Rh1 1-0

[Event "CAN-ch"]
[Site "Toronto CAN"]
[Date "2004.08.24"]
[Round "5.26"]
[White "Panjwani, Raja"]
[Black "Saint Amand, Paul"]
[Result "1-0"]
[WhiteElo "2221"]
[BlackElo "2139"]
[PlyCount "113"]
[EventDate "2004.08.20"]
[EventType "swiss"]
[EventRounds "11"]
[EventCountry "CAN"]

1. e4 c5 2. Nc3 Nc6 3. Nf3 d6 4. d4 cxd4 5. Nxd4 Nf6 6. Bg5 e6 7. Bb5 Bd7 8.
Bxc6 bxc6 9. Qf3 e5 10. Nf5 Bxf5 11. Qxf5 Be7 12. O-O Qd7 13. Qf3 Qg4 14. Qe3
h6 15. Bxf6 Bxf6 16. Qd3 Rd8 17. Qa6 Qd7 18. Rad1 O-O 19. b4 Rb8 20. Qa5 Bd8
21. Qa4 Bb6 22. Nd5 Rfd8 23. Qxc6 Rbc8 24. Qxd7 Rxd7 25. c3 Rc4 26. Rfe1 Kf8
27. a4 Bd8 28. f3 g6 29. a5 Rb7 30. Rd3 Rc6 31. g3 Kg7 32. h4 h5 33. Kg2 Rc8
34. Kh3 Rc6 35. Rc1 Rb8 36. c4 Kf8 37. g4 hxg4+ 38. fxg4 Kg7 39. h5 Bg5 40. Rc2
Rcc8 41. c5 dxc5 42. Rxc5 Rxc5 43. bxc5 Rc8 44. Rc3 Bd2 45. Rc2 Bxa5 46. c6 Kh6
47. hxg6 fxg6 48. c7 Kg7 49. g5 Kf7 50. Rc6 Bb6 51. Kg4 Ba5 52. Rf6+ Kg7 53.
Rd6 Kf7 54. Rf6+ Kg7 55. Re6 Bb6 56. Re7+ Kg8 57. Nxb6 1-0

[Event "CAN-ch"]
[Site "Toronto CAN"]
[Date "2004.08.25"]
[Round "6.21"]
[White "Panjwani, Raja"]
[Black "Huber, Greg"]
[Result "1-0"]
[WhiteElo "2221"]
[BlackElo "2265"]
[PlyCount "81"]
[EventDate "2004.08.20"]
[EventType "swiss"]
[EventRounds "11"]
[EventCountry "CAN"]

1. e4 c5 2. Nc3 Nc6 3. Nf3 g6 4. Bb5 Bg7 5. d3 Nd4 6. Bc4 d6 7. Nxd4 cxd4 8.
Ne2 e6 9. Nf4 Bd7 10. h4 Ne7 11. h5 Nc6 12. Bb3 Rc8 13. a3 a5 14. Bd2 Ne5 15.
a4 b6 16. Ne2 Nc6 17. Ng3 Bf6 18. f4 g5 19. e5 dxe5 20. fxg5 Bxg5 21. Ne4 Be7
22. Qg4 Nb4 23. Qg7 Rf8 24. Bh6 Qc7 25. Nf6+ Kd8 26. Nxh7 Nxc2+ 27. Bxc2 Bb4+
28. Kf1 Qxc2 29. Nxf8 Qxb2 30. Rd1 Qc2 31. Qg4 Bxa4 32. Bg5+ Ke8 33. h6 e4 34.
h7 Rc5 35. h8=Q Rf5+ 36. Bf4 Rxf4+ 37. Qxf4 Qxd1+ 38. Kf2 Qc2+ 39. Kg1 Bxf8 40.
Qb8+ Kd7 41. Qxd4+ 1-0